|
|
|
|
| LEADER |
01779nam a2200409 a 4500 |
| 001 |
EBC801885 |
| 003 |
MiAaPQ |
| 005 |
20200520144314.0 |
| 006 |
m o d | |
| 007 |
cr cn||||||||| |
| 008 |
100722s2011 nyuad sb 001 0 eng d |
| 010 |
|
|
|z 2010031061
|
| 020 |
|
|
|z 9780415873918 (hbk)
|
| 020 |
|
|
|z 0203830644 (master e-book)
|
| 020 |
|
|
|a 9780203830642 (electronic bk.)
|
| 035 |
|
|
|a (MiAaPQ)EBC801885
|
| 035 |
|
|
|a (Au-PeEL)EBL801885
|
| 035 |
|
|
|a (CaPaEBR)ebr10477541
|
| 035 |
|
|
|a (CaONFJC)MIL346116
|
| 035 |
|
|
|a (OCoLC)797919232
|
| 040 |
|
|
|a MiAaPQ
|c MiAaPQ
|d MiAaPQ
|
| 050 |
|
4 |
|a HD30.4
|b .S753 2011
|
| 082 |
0 |
4 |
|a 302.3/5
|2 22
|
| 245 |
0 |
0 |
|a Storytelling and the future of organizations
|h [electronic resource] :
|b an antenarrative handbook /
|c edited by David M. Boje.
|
| 260 |
|
|
|a New York :
|b Routledge,
|c 2011.
|
| 300 |
|
|
|a xiii, 413 p. :
|b ill.
|
| 490 |
1 |
|
|a Routledge studies in management, organisation and society ;
|v 11
|
| 504 |
|
|
|a Includes bibliographical references and index.
|
| 505 |
0 |
|
|a pt. 1. Individual, gender, and group antenarratives -- pt. 2. Organization and writing antenarratives -- pt. 3. Antenarratives and organization change -- pt. 4. National and globalizing antenarratives : national and globalizing antenarratives.
|
| 533 |
|
|
|a Electronic reproduction. Ann Arbor, MI : ProQuest, 2015. Available via World Wide Web. Access may be limited to ProQuest affiliated libraries.
|
| 650 |
|
0 |
|a Organization
|x Research.
|
| 650 |
|
0 |
|a Storytelling.
|
| 655 |
|
4 |
|a Electronic books.
|
| 700 |
1 |
|
|a Boje, David M.
|
| 710 |
2 |
|
|a ProQuest (Firm)
|
| 830 |
|
0 |
|a Management, organizations and society (London, England) ;
|v v. 11.
|
| 856 |
4 |
0 |
|u https://ebookcentral.proquest.com/lib/matrademy/detail.action?docID=801885
|z Click to View
|